000
00251nam a2200097Ia 4500
008
120527s9999 xx 000 0 und d
100
_a
Bloom,A. etal
245
_a
A colour atlass of diabetes 2nd edition
260
_b
Wotte publishing Ltd.
942
_c
BK
999
_c
14813
_d
14813